<?xml version="1.0" encoding="UTF-8"?>
<record
    xmlns:xsi="http://www.w3.org/2001/XMLSchema-instance"
    xsi:schemaLocation="http://www.loc.gov/MARC21/slim http://www.loc.gov/standards/marcxml/schema/MARC21slim.xsd"
    xmlns="http://www.loc.gov/MARC21/slim">

  <leader>00362nam a22001217a 4500</leader>
  <controlfield tag="003">OSt</controlfield>
  <controlfield tag="005">20260107151754.0</controlfield>
  <controlfield tag="008">260107b        |||||||| |||| 00| 0 eng d</controlfield>
  <datafield tag="245" ind1=" " ind2=" ">
    <subfield code="a">Eduncle UGC-NET </subfield>
    <subfield code="b">Computer Science&amp; Application Model Solved Paper (MSP) Based on Previous Exam Pattern</subfield>
  </datafield>
  <datafield tag="260" ind1=" " ind2=" ">
    <subfield code="a">Rajasthan</subfield>
    <subfield code="b">Eduncle</subfield>
    <subfield code="c">2018</subfield>
  </datafield>
  <datafield tag="300" ind1=" " ind2=" ">
    <subfield code="a">195PP</subfield>
  </datafield>
  <datafield tag="942" ind1=" " ind2=" ">
    <subfield code="2">ddc</subfield>
    <subfield code="c">BK</subfield>
  </datafield>
  <datafield tag="999" ind1=" " ind2=" ">
    <subfield code="c">369726</subfield>
    <subfield code="d">369726</subfield>
  </datafield>
  <datafield tag="952" ind1=" " ind2=" ">
    <subfield code="0">0</subfield>
    <subfield code="1">0</subfield>
    <subfield code="2">ddc</subfield>
    <subfield code="4">0</subfield>
    <subfield code="7">0</subfield>
    <subfield code="a">001</subfield>
    <subfield code="b">001</subfield>
    <subfield code="d">2026-01-07</subfield>
    <subfield code="l">0</subfield>
    <subfield code="p">KBJP-D-612</subfield>
    <subfield code="r">2026-01-07 15:18:08</subfield>
    <subfield code="w">2026-01-07</subfield>
    <subfield code="y">BK</subfield>
    <subfield code="z">612</subfield>
  </datafield>
</record>
